| 000 | 00658nam a2200205Ia 4500 | ||
|---|---|---|---|
| 003 | BUBTL | ||
| 008 | 151213s9999 xx 000 0 und d | ||
| 082 | _a347.06/M7444l/ 2001 | ||
| 100 |
_aM. Monir _93885 |
||
| 245 |
_aPrinciples of Digest of the Law of Evidence : (Being a Commentary on the Indian Evidence Act of -1872 by M. Monir ) Vol-1,2/ _cM. Monir |
||
| 250 | _a13th edn. | ||
| 260 |
_aNew Delhi _bLegal Classion From _cc 2004 |
||
| 300 |
_a[cxxxix] , 1000 p. : _b21 cm. |
||
| 650 |
_aLaw _93886 |
||
| 650 |
_aLaw _93886 |
||
| 700 |
_aM. Monir _93887 |
||
| 856 |
_k0 _l0 _yDownload |
||
| 942 |
_2ddc _cBK |
||
| 999 |
_c2242 _d2242 |
||